Lego Characters by Picture - Statistics

General Stats
  • This quiz has been taken 359 times
  • The average score is 17 of 21
Answer Stats
Picture Answer % Correct
Batman
100%
Iron Man
99%
Darth Vader
98%
Superman
98%
Spider-Man
96%
Yoda
95%
Chewbacca
93%
Luke Skywalker
93%
Hulk
92%
R2-D2
91%
Stormtrooper
91%
Santa Clause
90%
Han Solo
89%
Gandalf
84%
Green Goblin
75%
Qui-Gon Jinn
66%
Padme Amidala
57%
Unikitty
56%
Aquaman
55%
Porg
46%
Rex
41%
No matching quizzes found
Score Distribution
Percent of People with Each Score
Percentile by Number Answered
Your Score History
You have not taken this quiz